000 00428nam a2200157Ia 4500
003 GCL
008 140319s9999 xx 000 0 ara d
040 _aGCL /
_cGCL
082 0 4 _aد
_b050
100 1 _aمحمد المنسى قنديل
245 1 0 _aعظماء فى طفولتهم (اقرا 562 ) /
_cمحمد المنسى قنديل
300 _a126
490 _aاقرأ
_v0
650 0 4 _aالعظماء
942 _2ddc
_cBK
999 _c48785
_d48785